000 00359nam a2200169Ia 4500
008 150909s9999 xx 000 0 und d
041 _aEnglish
082 _a580
082 _bBOS/MA
100 _aBose G C
100 _eAuthor
245 _aManual of Indian botany
260 _aIndia
260 _bCosmo books
650 _aBotany
942 _cBK
999 _c251876
_d251876